أذربيجان ومئوية التأسيس (1918-2018) : (Record no. 30715)
[ view plain ]
| 000 -الفاتح | |
|---|---|
| حقل البيانات ثابتة الطول | 01164nam a2200289 i 4500 |
| 003 - محدد رقم الضبط | |
| رقم الضبط | EG-ScBUE |
| 005 - وقت وتاريخ اخر تعامل مع التسجيلة | |
| رقم الضبط | 20240307150909.0 |
| 008 - عناصر البيانات ثابتة الطول - معلومات عامة | |
| حقل البيانات ثابتة الطول | 220731s2008 aj f b 000 0 ara d |
| 020 ## - الرقم الدولى المعيارى للكتب | |
| الرقم الدولى المعيارى للكتاب | 9789952343359 |
| 040 ## - مصدر الفهرسة | |
| وكالة الفهرسة الأصلية | EG-ScBUE |
| قواعد الوصف | rda |
| لغة الفهرسة | ara |
| وكالة النسخ | EG-ScBUE |
| وكالة التعديل | EG-ScBUE |
| 043 ## - رمز المنطقة الجغرافية | |
| رمز المنطقة الجغرافية | f-aj--- |
| 082 04 - رقم تصنيف ديوى العشرى | |
| رقم الطبعة | 22 |
| رقم التصنيف | 947.54 |
| رقم المادة | ر ح ي |
| 100 1# - المدخل الرئيسى - إسم شخصى | |
| الإسم الشخصى | رحيموف، إميل، |
| الدور | مؤلف. |
| 245 10 - بيان العنوان | |
| العنوان | أذربيجان ومئوية التأسيس (1918-2018) : |
| بقية العنوان | الجمهورية الديمقراطية الأولى في الشرق الإسلامي / |
| بيان المسئوليه,etc | د. إميل رحيموف. |
| 250 ## - بيان الطبعة | |
| بيان الطبعة | الطبعة الثانية. |
| 264 #1 - النشر، التوزيع | |
| مكان الناشر او الموزع | [باكو] : |
| اسم الناشر او الموزع | وزارة الشؤون الخارجية لجمهورية أذربيجان، |
| تاريخ النشر أو التوزيع | 2018. |
| 300 ## - الوصف المادى | |
| التعداد | 143 صفحة ؛ |
| أبعاد الوعاء | 24 سم |
| 336 ## - نوع المحتوى | |
| source | rdacontent |
| Carrier Type Term | نص |
| Content Type Code | txt |
| 337 ## - نوع الوسيط | |
| source | rdamedia |
| Media Type Term | بدون وسيط |
| Media Type Code | n |
| 338 ## - نوع الحامل أو الناقل | |
| source | rdacarrier |
| Carrier Type Term | مجلد |
| Carrier Type Code | nc |
| 504 ## - تبصرة ببليوجرافية | |
| تبصرة ببليوجرافية,الخ | يشتمل على إرجاعات ببليوجرافية. |
| 541 ## - تبصرة المصدر المباشر للتزويد | |
| طريقة التزويد | إهداء ؛ |
| مصدر التزويد | سفارة أذربيجان. |
| 651 #7 - المدخل الاضافى بالموضوع - اسم جغرافى | |
| الاسم الجغرافي | أذربيجان (إيران) |
| التقسيم الفرعي العام | تاريخ. |
| مصدر الرأس أو المصطلح | مؤلف. |
| 653 ## - مصطلح تكشيفى غير مقيد | |
| Arrived date list | March2024 |
| Resource For college | Generalities |
| 655 ## - مصطلح تكشيفى-نوع/شكل | |
| التقسيم الفرعي الشكلي | Reading book |
| 942 ## - عناصر المدخل الإضافي( كوها) | |
| مصدر التصنيف او مخطط الترفيف | Dewey Decimal Classification |
| حالة التراجع | حالة الفقد | مصدر التصنيف او خطة الترفيف | حالة تلف | ليس للاعارة | مجموعات كوها | المكان الدائم | المكان الحالي | موقع الترفيف | تاريخ الاكتساب | Source of acquisition | رقم الاستدعاء | الباركود | Date last seen | نوع الوعاء |
|---|---|---|---|---|---|---|---|---|---|---|---|---|---|---|
| Dewey Decimal Classification | Donation-Gift | Central Library | Central Library | Second Floor | 07/03/2024 | Donation | 947.54 ر ح ي | 000057066 | 15/07/2025 | Book - Borrowing |